000 00482nam a2200181Ia 4500
003 GCL
008 140319s9999 xx 000 0 eng d
040 _aGCL /
_cGCL
082 0 4 _a301
_bH C
100 1 _aHAVILAND, WILLIAM A
245 1 0 _aCULTRAL ANTHROPOLOGY /
_cHAVILAND, WILLIAM A
260 _a[S.N] :
_bHOLT, RINEHART AND WINSTON, INC ،
_c1990
300 _a480 P
650 0 4 _aANTHROPOLOGY
650 0 4 _aCULTURAL
650 0 4 _aANTHROPOLOGY , CULTURAL
942 _2ddc
_cBK
999 _c13472
_d13472